| 000 | 01050nmm a2200301 a 4500 | ||
|---|---|---|---|
| 003 | AR-BaBNM | ||
| 005 | 20251128204705.0 | ||
| 008 | 237019s1985 ||||||||||||||000 | spa|| | ||
| 020 | _a84-7232-379-X | ||
| 040 | _cAR-BaBNM | ||
| 110 | 2 | _aInstituto de Cooperación Iberoamericana | |
| 245 | 1 | 0 | _aLa enseñanza de la comunicación en los países del área iberoamericana |
| 260 |
_aMadrid _bCultura Hispánica _bInstituto de Cooperación Iberoamericana _c1985 |
||
| 300 | 0 |
_a97 p. _btablas |
|
| 650 | 4 | _aUNIVERSIDADES | |
| 650 | 4 | _aCOMUNICACION | |
| 650 | 4 | _aINVESTIGACION EN LA COMUNICACION | |
| 650 | 4 | _aPOLITICA DE LA COMUNICACION | |
| 650 | 4 | _aCOMUNICACION SOCIAL | |
| 650 | 4 | _aCIENCIAS SOCIALES | |
| 651 | 4 | _aEspaña | |
| 651 | 4 | _aAmérica Latina | |
| 653 | 0 | _aEDUCACION SUPERIOR | |
| 700 | 1 |
_aMarín Serrano, Manuel _eprologuista |
|
| 711 | 2 |
_aJornadas de Intercambio de Información y Propuestas acerca de la Enseñanza de la Comunicación en Iberoamérica _cMadrid, España _9feb. 14-19 _d1983 |
|
| 942 | _cBK | ||
| 998 | _cSILVI | ||
| 999 |
_c8434 _d8434 |
||